000 00443cam a22001457a 4500
008 180718b2010 xxu||||| |||| 00| 0 eng d
020 _a9780195173482
082 _aC41 T142
100 _aTalbott, William J.
245 _aHuman rights and human well-being
_cby William J. Talbott
260 _aOxford
_bOxford Univ. Press
_c2010
300 _a410p.
650 _aHuman rights --Moral and ethical aspects
650 _aHuman rights --Philosophy
999 _c442493
_d442493